[Event "63rd ch-RUS HL w"]
[Site "Yekaterinburg RUS"]
[Date "2013.06.20"]
[Round "1.1"]
[White "Mirzoeva, Elmira"]
[Black "Bodnaruk, Anastasia"]
[Result "0-1"]
[WhiteTitle "WGM"]
[BlackTitle "IM"]
[WhiteElo "2244"]
[BlackElo "2440"]
[WhiteFideId "4127951"]
[BlackFideId "4181751"]
[EventDate "2013.06.20"]

1. d4 Nf6 2. c4 g6 3. Nc3 Bg7 4. e4 d6 5. Nf3 O-O 6. h3 Na6 7. Bg5 Qe8 8. g4 e5
9. d5 Nd7 10. Rg1 Kh8 11. Qd2 Ndc5 12. O-O-O Bd7 13. Be2 Ba4 14. Rdf1 Nb4 15.
Bd1 Bxd1 16. Qxd1 f5 17. exf5 e4 18. f6 Rxf6 19. Bxf6 Bxf6 20. Nd2 Bxc3 21. bxc3
Qe5 22. Kb2 b5 23. cxb5 Ncd3+ 24. Kb3 Nxd5 25. Nb1 Nb6 26. Na3 a6 27. Rg3 Qd5+
28. c4 Nxc4 29. Qa1+ Nce5+ 30. Kc2 axb5 31. f4 Rxa3 32. Kb1 Rb3+ 33. Kc2 Nb4+
34. Kc1 Rxg3 35. fxe5 Qc4+ 0-1

[Event "63rd ch-RUS HL w"]
[Site "Yekaterinburg RUS"]
[Date "2013.06.20"]
[Round "1.2"]
[White "Kovalevskaya, Ekaterina"]
[Black "Balaian, Alina"]
[Result "1-0"]
[WhiteTitle "IM"]
[BlackTitle "WIM"]
[WhiteElo "2407"]
[BlackElo "2237"]
[WhiteFideId "4116704"]
[BlackFideId "24115347"]
[EventDate "2013.06.20"]

1. Nf3 Nf6 2. g3 g6 3. Bg2 Bg7 4. O-O O-O 5. d4 d5 6. Be3 a5 7. Qc1 Re8 8. Bh6
Bh8 9. c4 dxc4 10. Qxc4 Be6 11. Qc1 Nc6 12. Rd1 Nb4 13. Nc3 c6 14. e4 a4 15. h3
Qa5 16. Ng5 Bc4 17. Nxa4 Be2 18. Rd2 Qxa4 19. Rxe2 Qb5 20. Bf1 Rxa2 21. Rxa2
Nxa2 22. Qf4 e5 23. Qf3 Nb4 24. Rd2 Qa5 25. dxe5 Rxe5 26. Qb3 Re7 27. Bc4 Bg7
28. Nxf7 Bxh6 29. Nxh6+ Kg7 30. Ng4 Nxe4 31. Qe3 Qg5 32. Rd8 Nd5 33. Bxd5 cxd5
34. Qd4+ Nf6 35. Nxf6 Re5 36. Ng4 1-0

[Event "63rd ch-RUS HL w"]
[Site "Yekaterinburg RUS"]
[Date "2013.06.20"]
[Round "1.3"]
[White "Saunina, Ludmila"]
[Black "Goryachkina, Aleksandra"]
[Result "0-1"]
[WhiteTitle "WGM"]
[BlackTitle "WGM"]
[WhiteElo "2208"]
[BlackElo "2401"]
[WhiteFideId "4108698"]
[BlackFideId "4147103"]
[EventDate "2013.06.20"]

1. d4 d5 2. c4 e6 3. Nf3 c6 4. Nbd2 Nf6 5. e3 c5 6. cxd5 exd5 7. dxc5 Bxc5 8.
Nb3 Bd6 9. Bb5+ Nc6 10. Nbd4 Bd7 11. O-O O-O 12. h3 Ne4 13. Qb3 Nxd4 14. exd4
Be6 15. Bd3 Qf6 16. Bc2 Rac8 17. Bd1 Rc6 18. Be3 Rb6 19. Qc2 Rc8 20. Qe2 Bd7 21.
Ne5 Bb5 22. Qg4 Qd8 23. Be2 f5 24. Qf3 Bxe2 25. Qxe2 Qe7 26. Rfc1 Rf8 27. f3 f4
28. Bxf4 Rxf4 29. fxe4 Bxe5 30. Rc8+ Rf8 31. Rxf8+ Kxf8 32. dxe5 Qxe5 33. Rf1+
Rf6 34. Rxf6+ gxf6 35. Qb5 Qd4+ 36. Kf1 dxe4 37. Qxb7 e3 38. Qf3 Qc4+ 39. Qe2
Qxa2 40. Qxe3 Qb1+ 41. Qe1 Qxb2 42. Qh4 Qb1+ 43. Ke2 Qc2+ 44. Ke3 Qc3+ 45. Ke2
Qe5+ 46. Kd3 Qf5+ 47. Kc4 Kf7 48. Qd4 Qc2+ 49. Kb4 Qxg2 50. Qxa7+ Kg6 51. Qd7
Qe4+ 52. Kc3 f5 53. Qd6+ Kh5 54. Qg3 f4 55. Qg4+ Kh6 56. Kd2 Qe3+ 57. Kd1 Qd3+
58. Kc1 f3 59. Qf4+ Kg6 60. Qg4+ Kf6 61. Qf4+ Ke6 62. Qg4+ Ke5 63. Qh5+ Kf4 64.
Qh4+ Ke3 65. Qe1+ Qe2 66. Qg3 Qd2+ 67. Kb1 Ke2 68. Qg4 Qd1+ 69. Kb2 Kf1 70. Kc3
Qd5 71. h4 f2 72. h5 Ke1 73. Qh4 Qd2+ 74. Kb3 Qd3+ 75. Kb4 Ke2 76. Qg4+ Kd2 77.
Qg2 Qe2 78. Qg5+ Kd1 79. Qd8+ Qd2+ 0-1

[Event "63rd ch-RUS HL w"]
[Site "Yekaterinburg RUS"]
[Date "2013.06.20"]
[Round "1.5"]
[White "Rodionova, Daria"]
[Black "Vasilevich, Irina"]
[Result "0-1"]
[WhiteTitle "WFM"]
[BlackTitle "IM"]
[WhiteElo "2109"]
[BlackElo "2370"]
[WhiteFideId "24136638"]
[BlackFideId "4141296"]
[EventDate "2013.06.20"]

1. e4 c5 2. Nf3 e6 3. d4 cxd4 4. Nxd4 a6 5. Bd3 Qc7 6. O-O Nc6 7. Nxc6 bxc6 8.
Nc3 d5 9. Qe2 Nf6 10. Bg5 d4 11. Bxf6 gxf6 12. Nb1 Bd6 13. h3 Rg8 14. Nd2 Bf4
15. Nc4 Ke7 16. Qf3 e5 17. Rfd1 Be6 18. Kh1 Rg6 19. Be2 Rag8 20. Rg1 c5 21. Rab1
Kf8 22. b4 cxb4 23. Rxb4 a5 24. Ra4 Kg7 25. Qd3 Kh8 26. Ra3 Bxh3 27. Qxh3 Rh6
28. Qxh6 Bxh6 29. Rxa5 Bf4 30. Rb1 Qc6 31. Bd3 Qe6 32. Be2 Qc6 33. Bd3 Qc8 34.
Be2 Qf8 35. Ra3 Qg7 36. Bf1 f5 37. exf5 e4 38. Rh3 Qg5 39. Rb5 e3 40. fxe3 dxe3
41. Ne5 Bxe5 42. Rxe5 Qf4 0-1

[Event "63rd ch-RUS HL w"]
[Site "Yekaterinburg RUS"]
[Date "2013.06.20"]
[Round "1.6"]
[White "Romanko, Marina"]
[Black "Sazonova, Anastasia"]
[Result "1-0"]
[WhiteTitle "IM"]
[BlackTitle "WFM"]
[WhiteElo "2368"]
[BlackElo "2108"]
[WhiteFideId "4149351"]
[BlackFideId "24131008"]
[EventDate "2013.06.20"]

1. d4 Nf6 2. c4 g6 3. Nc3 Bg7 4. e4 d6 5. f3 O-O 6. Nge2 Nc6 7. Be3 a6 8. Qd2
Na5 9. Nc1 Nd7 10. Nb3 c5 11. dxc5 Nxb3 12. axb3 dxc5 13. Be2 b6 14. Rd1 Qc7 15.
Nd5 Qd6 16. O-O Nf6 17. e5 Qxe5 18. Nxb6 Ra7 19. b4 Nd7 20. bxc5 Nxb6 21. cxb6
Rd7 22. Qc1 Qxb2 23. Qxb2 Bxb2 24. c5 Rxd1 25. Rxd1 Bb7 26. Rd7 Rb8 27. Rxb7 1-0

[Event "63rd ch-RUS HL w"]
[Site "Yekaterinburg RUS"]
[Date "2013.06.20"]
[Round "1.7"]
[White "Nasybullina, Alfia"]
[Black "Ubiennykh, Ekaterina"]
[Result "0-1"]
[BlackTitle "WIM"]
[WhiteElo "2095"]
[BlackElo "2344"]
[WhiteFideId "4132416"]
[BlackFideId "4137582"]
[EventDate "2013.06.20"]

1. f4 d5 2. b3 Bf5 3. Nf3 e6 4. Bb2 Nf6 5. e3 Bd6 6. Be2 Nbd7 7. O-O h6 8. c4 c6
9. Ne5 Qc7 10. d4 Ne4 11. Nc3 Ndf6 12. Qe1 Nxc3 13. Bxc3 Ne4 14. Bb4 Bxb4 15.
Qxb4 a5 16. Qe1 O-O 17. Bf3 f6 18. Bxe4 dxe4 19. g4 Bh7 0-1

[Event "63rd ch-RUS HL w"]
[Site "Yekaterinburg RUS"]
[Date "2013.06.20"]
[Round "1.8"]
[White "Iljushina, Olga"]
[Black "Dordzhieva, Dinara"]
[Result "1/2-1/2"]
[WhiteTitle "WGM"]
[BlackTitle "WC"]
[WhiteElo "2334"]
[BlackElo "2081"]
[WhiteFideId "4152280"]
[BlackFideId "24157570"]
[EventDate "2013.06.20"]

1. d4 d5 2. c4 c6 3. Nf3 Nf6 4. Nc3 e6 5. cxd5 exd5 6. Bg5 Bf5 7. Qb3 Qb6 8.
Qxb6 axb6 9. Bxf6 gxf6 10. e3 b5 11. Nh4 Bg6 12. Bxb5 cxb5 13. Nxd5 Nc6 14. Nc7+
Kd7 15. Nxa8 Bb4+ 16. Ke2 Rxa8 17. f3 Bd6 18. g4 Rc8 19. Nxg6 fxg6 20. h4 Nb4
21. a3 Nd5 22. Rac1 Re8 23. e4 Nf4+ 24. Ke3 Ne6 25. Rc2 Bf4+ 26. Kd3 h6 27. h5
g5 28. Rd1 Ra8 29. Rc3 Ra4 30. b4 Ra6 31. Kc2 Rd6 32. d5 Nc7 33. Kb3 Ra6 34. Rc5
Ra8 35. Ra1 Bd6 36. Rc2 Be5 37. Raa2 Ra4 38. Rc5 Bd6 39. Rc1 Ne8 40. Rc3 Be5 41.
Rc5 Nc7 42. Rac2 Ra6 43. Rc1 Bd6 44. R5c3 Be5 45. Rc5 Bf4 46. Rd1 Bd6 47. Rc2
Ne8 48. Rdc1 Bf4 49. Ra1 Be5 50. Rac1 Nc7 51. Ra2 1/2-1/2

[Event "63rd ch-RUS HL w"]
[Site "Yekaterinburg RUS"]
[Date "2013.06.20"]
[Round "1.9"]
[White "Korchagina, Viktoria"]
[Black "Kashlinskaya, Alina"]
[Result "0-1"]
[WhiteTitle "WFM"]
[BlackTitle "WGM"]
[WhiteElo "2068"]
[BlackElo "2329"]
[WhiteFideId "4197224"]
[BlackFideId "4198026"]
[EventDate "2013.06.20"]

1. e4 e5 2. Nf3 Nc6 3. Bb5 a6 4. Ba4 Nf6 5. O-O Be7 6. Re1 b5 7. Bb3 d6 8. c3
O-O 9. h3 Nb8 10. d4 Nbd7 11. Nbd2 Bb7 12. Bc2 Re8 13. a4 Bf8 14. Bd3 c6 15. b3
g6 16. Qc2 Nh5 17. Bb2 Nf4 18. Bf1 Rc8 19. c4 Bg7 20. Rad1 exd4 21. Nxd4 Qb6 22.
Ne2 Nxe2+ 23. Bxe2 Bxb2 24. Qxb2 bxa4 25. c5 Qxc5 26. Nc4 d5 27. Bg4 Red8 28. e5
dxc4 29. Bxd7 c3 30. Qe2 c2 31. e6 cxd1=Q 32. Rxd1 Qe7 33. exf7+ Kxf7 0-1

[Event "63rd ch-RUS HL w"]
[Site "Yekaterinburg RUS"]
[Date "2013.06.20"]
[Round "1.10"]
[White "Charochkina, Daria"]
[Black "Zasypkina, Evgenia"]
[Result "1-0"]
[WhiteTitle "WGM"]
[WhiteElo "2326"]
[BlackElo "1994"]
[WhiteFideId "4180917"]
[BlackFideId "24102784"]
[EventDate "2013.06.20"]

1. e4 c5 2. Nf3 Nc6 3. d4 cxd4 4. Nxd4 Nf6 5. Nc3 d6 6. Bg5 Bd7 7. Bxf6 gxf6 8.
Nf5 Qa5 9. Bb5 a6 10. Bxc6 bxc6 11. Qd3 h5 12. O-O Rg8 13. b4 Qc7 14. a4 e6 15.
Ne3 Bh6 16. b5 Ke7 17. bxa6 Bc8 18. Rfe1 Bxa6 19. Qd1 Qa5 20. e5 fxe5 21. Qxh5
Qxc3 22. Qxh6 Qd4 23. Rad1 Qf4 24. Qxf4 exf4 25. Nf5+ Kf8 26. Nxd6 f3 27. g3 Be2
28. Rd4 Ke7 29. Ne4 Ra5 30. Rb1 Ra7 31. Nc3 Rg5 32. Re4 Rc5 33. Nxe2 fxe2 34.
Rxe2 Rxa4 35. Rb7+ Kf6 36. Rd7 Ra2 37. Rdd2 Kg6 38. Kg2 Rc3 39. Kh3 Ra5 40. Re4
Rac5 41. Ree2 Rh5+ 42. Kg2 Rhc5 43. f3 Kf6 44. g4 Kg6 45. Kg3 e5 46. h4 f6 47.
h5+ Kg5 48. Rd7 Rxc2 49. Rxc2 Rxc2 50. Rg7+ Kh6 51. Rg6+ Kh7 52. Rxf6 Rc3 53.
Re6 Rc5 54. Kf2 Kg7 55. Ke3 Kf7 56. h6 Rc3+ 57. Ke4 Kxe6 58. h7 Rc4+ 59. Ke3
Rc3+ 60. Ke4 1-0

[Event "63rd ch-RUS HL w"]
[Site "Yekaterinburg RUS"]
[Date "2013.06.20"]
[Round "1.11"]
[White "Egorova, Ayyyna"]
[Black "Drozdova, Dina"]
[Result "1/2-1/2"]
[WhiteTitle "WC"]
[BlackTitle "WIM"]
[WhiteElo "1991"]
[BlackElo "2315"]
[WhiteFideId "24136611"]
[BlackFideId "4170695"]
[EventDate "2013.06.20"]

1. e4 g6 2. Nf3 Bg7 3. d4 d6 4. c4 c5 5. dxc5 Qa5+ 6. Bd2 Qxc5 7. Bc3 Nf6 8. Bd3
O-O 9. O-O Nc6 10. Nbd2 Ng4 11. Nb3 Qb6 12. Bxg7 Kxg7 13. Qc2 Qc7 14. Qc3+ f6
15. Nbd4 Nxd4 16. Nxd4 Bd7 17. h3 Ne5 18. f4 Nc6 19. Nf3 Qb6+ 20. Kh1 Qb4 21.
Rac1 Rac8 22. a3 Qxc3 23. Rxc3 b6 24. Kg1 Be6 25. Kf2 Bf7 26. g4 h6 27. Ke3 g5
28. Rc2 Bg6 29. f5 Bf7 30. Nd4 Ne5 31. Rfc1 Rh8 32. Nf3 Nxf3 33. Kxf3 h5 34. Kg3
hxg4 35. hxg4 Rh4 36. Rh2 Rxh2 37. Kxh2 b5 38. c5 dxc5 39. Bxb5 c4 40. Rc2 Rc5
41. Ba6 Rc6 42. Bb5 Rb6 43. Bxc4 Bxc4 44. Rxc4 Rxb2+ 45. Kg1 a5 46. Ra4 Rb5 47.
Kf2 Kf7 48. Ke3 Ke8 49. Rd4 Rb3+ 50. Rd3 Rb1 51. Rd5 Rb3+ 52. Rd3 Rb5 53. Rd1
Rc5 54. Rd3 Kf7 55. Rd8 Rb5 56. Rd7 Rb1 57. Rd5 Rb3+ 58. Rd3 Rb5 59. Rd8 Rc5 60.
Rd5 Rc3+ 61. Rd3 Rc7 62. Rd5 Ra7 63. a4 e6 64. Rb5 Ke7 65. e5 exf5 66. exf6+
Kxf6 67. Rxf5+ Kg6 68. Re5 Kf6 1/2-1/2

[Event "63rd ch-RUS HL w"]
[Site "Yekaterinburg RUS"]
[Date "2013.06.20"]
[Round "1.12"]
[White "Tarasova, Viktoriya"]
[Black "Monina, Polina"]
[Result "1-0"]
[WhiteTitle "WIM"]
[WhiteElo "2292"]
[BlackElo "1958"]
[WhiteFideId "4175840"]
[BlackFideId "24127019"]
[EventDate "2013.06.20"]

1. d4 d5 2. c4 c6 3. Nf3 Nf6 4. Nc3 dxc4 5. a4 Bf5 6. Ne5 Nbd7 7. Nxc4 Qc7 8. g3
e5 9. dxe5 Nxe5 10. Bf4 Nfd7 11. Bg2 g5 12. Ne3 gxf4 13. Nxf5 O-O-O 14. Qc2 Kb8
15. O-O-O Ng4 16. Ne4 a5 17. Bh3 h5 18. Bxg4 hxg4 19. Ng5 Re8 20. Nxf7 Rh5 21.
Kb1 Nb6 22. N7d6 Re6 23. Nc4 Nd5 24. Nd4 Reh6 25. gxf4 Qxf4 26. e3 Qf6 27. Rhg1
Rxh2 28. Rdf1 Qh8 29. Nf5 Rf6 30. e4 Nb4 31. Qd1 Bc5 32. Qxg4 Bxf2 33. Rxf2 1-0

[Event "63rd ch-RUS HL w"]
[Site "Yekaterinburg RUS"]
[Date "2013.06.20"]
[Round "1.14"]
[White "Sukhareva, Evgeniya"]
[Black "Adamova, Tuyara"]
[Result "1-0"]
[WhiteElo "2248"]
[BlackElo "1927"]
[WhiteFideId "4167155"]
[BlackFideId "24142050"]
[EventDate "2013.06.20"]

1. d4 d5 2. Nf3 Nf6 3. c4 e6 4. Bg5 Be7 5. e3 Nbd7 6. Qc2 b6 7. cxd5 Nxd5 8.
Bxe7 Nxe7 9. Nc3 a6 10. Be2 Bb7 11. O-O O-O 12. Rfd1 Nf6 13. Rac1 Rc8 14. Ne5
Ned5 15. Bf3 Qe7 16. Qb3 Qd6 17. Ne2 b5 18. Nd3 Nd7 19. Nc5 Ba8 20. e4 N5b6 21.
Nxa6 c6 22. Nc5 Nc4 23. Nd3 Bb7 24. a4 Ba6 25. axb5 cxb5 26. Nc3 Rb8 1-0

[Event "63rd ch-RUS HL w"]
[Site "Yekaterinburg RUS"]
[Date "2013.06.21"]
[Round "2.1"]
[White "Bodnaruk, Anastasia"]
[Black "Charochkina, Daria"]
[Result "1-0"]
[WhiteTitle "IM"]
[BlackTitle "WGM"]
[WhiteElo "2440"]
[BlackElo "2326"]
[WhiteFideId "4181751"]
[BlackFideId "4180917"]
[EventDate "2013.06.20"]

1. e4 c6 2. d4 d5 3. e5 Bf5 4. Nf3 e6 5. Be2 Nd7 6. O-O Ne7 7. Nh4 Be4 8. Nd2 c5
9. c3 Nc6 10. Nxe4 dxe4 11. g3 Be7 12. d5 Ncxe5 13. dxe6 fxe6 14. f4 exf3 15.
Nxf3 Qb6 16. Nxe5 c4+ 17. Kg2 Nxe5 18. Qa4+ Qc6+ 19. Qxc6+ bxc6 20. Bf4 Nd3 21.
Bxd3 cxd3 22. Rad1 O-O-O 23. Rfe1 g5 24. Rxe6 gxf4 25. Rxe7 Rhe8 26. Rxe8 Rxe8
27. gxf4 Re2+ 28. Kg3 Re3+ 29. Kg4 Kd7 30. f5 Ke7 31. Kg5 Re2 32. f6+ Kf7 33.
Rxd3 Rg2+ 34. Kf5 Rf2+ 35. Ke5 Re2+ 36. Kf5 Rf2+ 37. Ke5 Re2+ 38. Kd6 Rxh2 39.
b4 Rxa2 40. Rh3 Kxf6 41. Rxh7 Rc2 42. Rh3 Kf5 43. Kxc6 Ke5 44. Kc5 Ke6 45. c4 1-0

[Event "63rd ch-RUS HL w"]
[Site "Yekaterinburg RUS"]
[Date "2013.06.21"]
[Round "2.2"]
[White "Ubiennykh, Ekaterina"]
[Black "Kovalevskaya, Ekaterina"]
[Result "1/2-1/2"]
[WhiteTitle "WIM"]
[BlackTitle "IM"]
[WhiteElo "2344"]
[BlackElo "2407"]
[WhiteFideId "4137582"]
[BlackFideId "4116704"]
[EventDate "2013.06.20"]

1. d4 Nf6 2. Nf3 c5 3. d5 g6 4. Nc3 d6 5. h3 Bg7 6. e4 O-O 7. Be2 b5 8. Bxb5
Nxe4 9. Nxe4 Qa5+ 10. Nc3 Bxc3+ 11. bxc3 Qxb5 12. Qd3 Ba6 13. Qxb5 Bxb5 14. Bh6
Re8 15. O-O-O Nd7 16. Rhe1 Nb6 17. Re4 f6 18. Nd2 Kf7 19. c4 Ba6 20. Rde1 Rab8
21. R1e3 Bc8 22. h4 e5 23. dxe6+ Bxe6 24. Ra3 Rb7 25. Rf4 d5 26. cxd5 Bxd5 27.
c4 Bxg2 28. f3 Re1+ 29. Kc2 Nd7 30. Ra6 Bh3 31. Ne4 Re2+ 32. Kd1 Rbb2 33. Ng5+
Ke7 34. Nxh3 Red2+ 35. Kc1 Rdc2+ 36. Kd1 Rd2+ 37. Kc1 Rdc2+ 38. Kd1 Rd2+ 39. Kc1
Rdc2+ 40. Kd1 1/2-1/2

[Event "63rd ch-RUS HL w"]
[Site "Yekaterinburg RUS"]
[Date "2013.06.21"]
[Round "2.3"]
[White "Goryachkina, Aleksandra"]
[Black "Tarasova, Viktoriya"]
[Result "1-0"]
[WhiteTitle "WGM"]
[BlackTitle "WIM"]
[WhiteElo "2401"]
[BlackElo "2292"]
[WhiteFideId "4147103"]
[BlackFideId "4175840"]
[EventDate "2013.06.20"]

1. d4 d5 2. c4 c6 3. cxd5 cxd5 4. Nc3 Nf6 5. Bf4 Nc6 6. e3 Bf5 7. Qb3 Na5 8.
Qa4+ Bd7 9. Qc2 Rc8 10. Bd3 Nc6 11. a3 e6 12. h3 Be7 13. Nf3 O-O 14. O-O h6 15.
Qe2 Be8 16. Rac1 Bd6 17. Bxd6 Qxd6 18. Nd2 Bd7 19. f4 Ne7 20. Nf3 Rc7 21. Ne5
Ne8 22. Rc2 f6 23. Nf3 f5 24. Rfc1 Nf6 25. Ne5 Rfc8 26. Na2 Be8 27. Rxc7 Rxc7
28. Rxc7 Qxc7 29. g4 fxg4 30. hxg4 Nd7 31. Nxd7 Qxd7 32. Nc3 Bg6 33. Bxg6 Nxg6
34. Qc2 Ne7 35. Kf2 g6 36. Ne2 Kg7 37. Nc1 Qc6 38. Qd2 b6 39. Nd3 Qd6 40. Qc2
Qc6 41. Qd2 Qd6 42. Qd1 a5 43. Kf3 Qc7 44. Qb1 Qc8 45. Ne5 Qc7 46. Ke2 Qc8 47.
Kd2 Qc7 48. Qd3 Qd8 49. Qa6 Qc7 50. Qb5 Qd8 51. Qa4 Nc8 52. Qc2 Ne7 53. b4 axb4
54. axb4 h5 55. Qd1 hxg4 56. Qxg4 Qd6 57. Kc3 Qc7+ 58. Kb2 Qd6 59. Kb3 b5 60.
Qg5 Qc7 61. Kb2 Qd6 62. Ka3 Qa6+ 63. Kb2 Qd6 64. Kc3 Qc7+ 65. Kd3 Qd6 66. Ng4
Kf7 67. Qf6+ Ke8 68. Ne5 Nc6 69. Qxg6+ Ke7 70. Qg7+ Ke8 71. Qf7+ Kd8 72. Nxc6+
Qxc6 73. Qf8+ Kd7 74. Qc5 Qa6 75. Ke2 Qa4 76. Kf2 Qa2+ 77. Kf3 Qa4 78. Kg4 Qd1+
79. Kg5 Qg1+ 80. Kf6 Qxe3 81. Qe7+ 1-0

[Event "63rd ch-RUS HL w"]
[Site "Yekaterinburg RUS"]
[Date "2013.06.21"]
[Round "2.4"]
[White "Kashlinskaya, Alina"]
[Black "Kovanova, Baira"]
[Result "1/2-1/2"]
[WhiteTitle "WGM"]
[BlackTitle "WGM"]
[WhiteElo "2329"]
[BlackElo "2371"]
[WhiteFideId "4198026"]
[BlackFideId "4164083"]
[EventDate "2013.06.20"]

1. d4 Nf6 2. c4 e6 3. Nc3 Bb4 4. e3 O-O 5. Ne2 d5 6. a3 Bd6 7. c5 Be7 8. Nf4 c6
9. b4 b6 10. Be2 Nbd7 11. O-O Qc7 12. Qc2 bxc5 13. bxc5 e5 14. Nd3 e4 15. Nf4
Re8 16. f3 exf3 17. Bxf3 Ba6 18. Rf2 Rab8 19. Bd2 Nf8 20. g4 Bc4 21. g5 N6d7 22.
Qf5 g6 23. Qg4 f5 24. Qg2 Nxc5 25. dxc5 Qe5 26. Rc1 Rb2 27. Ncxd5 cxd5 28. Bc3
Qxc3 29. Bxd5+ Kg7 30. Rxc3 Rb1+ 31. Rf1 Rxf1+ 32. Qxf1 Bxf1 33. Kxf1 Bxg5 34.
c6 Bf6 35. Rc4 Be5 36. Bf3 g5 37. Nh5+ Kh6 38. c7 Rc8 39. Rc6+ Ng6 40. Ng3 g4
41. Nxf5+ 1/2-1/2

[Event "63rd ch-RUS HL w"]
[Site "Yekaterinburg RUS"]
[Date "2013.06.21"]
[Round "2.5"]
[White "Vasilevich, Irina"]
[Black "Sukhareva, Evgeniya"]
[Result "1-0"]
[WhiteTitle "IM"]
[WhiteElo "2370"]
[BlackElo "2248"]
[WhiteFideId "4141296"]
[BlackFideId "4167155"]
[EventDate "2013.06.20"]

1. e4 c5 2. Nf3 e6 3. d4 cxd4 4. Nxd4 a6 5. Bd3 Qb6 6. Nb3 Qc7 7. O-O d6 8. c4
Nf6 9. Nc3 Be7 10. Qe2 O-O 11. f4 Nc6 12. Be3 b6 13. Rac1 Qb8 14. Kh1 Ra7 15.
Bg1 Re8 16. Qf3 Rc7 17. Bb1 Bf8 18. Rce1 Nd7 19. Qh3 Bb7 20. e5 g6 21. exd6 Bxd6
22. Ne4 Be7 23. Nbd2 Ba8 24. Ng5 Nf8 25. Nde4 Rd8 26. Qc3 b5 27. Nf6+ Bxf6 28.
Qxf6 bxc4 29. Ne4 Nd7 30. Qh4 Qxb2 31. Rd1 h5 32. Rd2 Qb8 33. Rfd1 Kg7 34. Qg3
Qb4 35. f5 Nce5 36. Bd4 1-0

[Event "63rd ch-RUS HL w"]
[Site "Yekaterinburg RUS"]
[Date "2013.06.21"]
[Round "2.6"]
[White "Pustovidko, Anastasia"]
[Black "Romanko, Marina"]
[Result "1-0"]
[BlackTitle "IM"]
[WhiteElo "1905"]
[BlackElo "2368"]
[WhiteFideId "24102547"]
[BlackFideId "4149351"]
[EventDate "2013.06.20"]

1. d4 d5 2. c4 c6 3. Nf3 Nf6 4. e3 Bf5 5. b3 e6 6. Nbd2 c5 7. Bb2 Nc6 8. cxd5
exd5 9. Bb5 Qa5 10. Qe2 a6 11. Bxc6+ bxc6 12. O-O Be7 13. Ne5 Rc8 14. Ndf3 O-O
15. Rfc1 Ne4 16. a3 f6 17. Nd3 Qb5 18. a4 Qxb3 19. Nxc5 Nxc5 20. dxc5 Qb7 21.
Nh4 Bd7 22. Bd4 Rb8 23. h3 Bd8 24. Ra2 Bc8 25. Rb2 Qc7 26. Rb6 Ra8 27. Rcb1 Qd7
28. R6b3 Bc7 29. Qd3 Re8 30. g4 Qd8 31. Kg2 Be6 32. Rb7 Qd7 33. f3 Reb8 34.
Rxb8+ Bxb8 35. Rb6 Qc7 36. f4 Qc8 37. Kf3 a5 38. Ng2 Bc7 39. Rb2 f5 40. g5 1-0

[Event "63rd ch-RUS HL w"]
[Site "Yekaterinburg RUS"]
[Date "2013.06.21"]
[Round "2.7"]
[White "Ivakhinova, Inna"]
[Black "Iljushina, Olga"]
[Result "1-0"]
[WhiteTitle "WGM"]
[BlackTitle "WGM"]
[WhiteElo "2291"]
[BlackElo "2334"]
[WhiteFideId "4185641"]
[BlackFideId "4152280"]
[EventDate "2013.06.20"]

1. d4 Nf6 2. c4 e6 3. Nf3 Bb4+ 4. Nbd2 b6 5. a3 Bxd2+ 6. Qxd2 Bb7 7. e3 O-O 8.
Be2 d6 9. O-O Ne4 10. Qc2 f5 11. b4 Nd7 12. Bb2 Ndf6 13. d5 e5 14. Nh4 g6 15. f3
Ng5 16. f4 Nf7 17. Nf3 Qe7 18. Rae1 a5 19. Nd2 axb4 20. axb4 Ra2 21. Qb3 Rfa8
22. Bd3 Nh5 23. g3 Bc8 24. Bb1 R2a7 25. e4 fxe4 26. Rxe4 Bf5 27. Re3 Bxb1 28.
Rxb1 Nf6 29. Nf3 Ng4 30. Re2 Re8 31. Rbe1 Qd7 32. Kg2 b5 33. c5 dxc5 34. fxe5 c4
35. Qd1 Qe7 36. e6 Nd6 37. Qd4 1-0

[Event "63rd ch-RUS HL w"]
[Site "Yekaterinburg RUS"]
[Date "2013.06.21"]
[Round "2.8"]
[White "Dordzhieva, Dinara"]
[Black "Egorova, Ayyyna"]
[Result "0-1"]
[WhiteTitle "WC"]
[BlackTitle "WC"]
[WhiteElo "2081"]
[BlackElo "1991"]
[WhiteFideId "24157570"]
[BlackFideId "24136611"]
[EventDate "2013.06.20"]

1. Nf3 f5 2. d3 Nf6 3. e4 d6 4. Nc3 e5 5. exf5 Bxf5 6. d4 e4 7. Nh4 Bg4 8. Be2
Bxe2 9. Qxe2 d5 10. Bg5 c6 11. f3 Be7 12. fxe4 Nxe4 13. Nxe4 O-O 14. Nd6 Bxg5
15. Qe6+ Kh8 16. Nf3 Bh4+ 17. Ke2 Qe7 18. Qxe7 Bxe7 19. Nxb7 a5 20. Rhf1 Nd7 21.
Ne5 Rfb8 22. Rf7 Nxe5 23. Rxe7 Ng6 24. Rd7 Nf8 25. Rf7 Kg8 26. Raf1 Ra7 27. Nd6
Rxf7 28. Nxf7 Rxb2 29. Kd2 Ne6 30. Kd3 Rxa2 31. Nd6 h6 32. Rb1 Ra3+ 33. Kd2 Nxd4
34. h4 Rg3 35. Ra1 Rxg2+ 36. Kd3 Nxc2 37. Rxa5 Ne1+ 38. Kd4 Nf3+ 39. Ke3 Nxh4
40. Rc5 Rg6 41. Nc8 Re6+ 42. Kf4 g5+ 43. Kg4 Re4+ 44. Kh5 Kh7 45. Nd6 Re6 46.
Nf7 Nf3 47. Ra5 Re4 48. Nxg5+ hxg5 0-1

[Event "63rd ch-RUS HL w"]
[Site "Yekaterinburg RUS"]
[Date "2013.06.21"]
[Round "2.9"]
[White "Drozdova, Dina"]
[Black "Mirzoeva, Elmira"]
[Result "1-0"]
[WhiteTitle "WIM"]
[BlackTitle "WGM"]
[WhiteElo "2315"]
[BlackElo "2244"]
[WhiteFideId "4170695"]
[BlackFideId "4127951"]
[EventDate "2013.06.20"]

1. d4 d5 2. c4 c6 3. Nc3 Nf6 4. cxd5 cxd5 5. Bf4 Nc6 6. e3 a6 7. Bd3 e6 8. Nf3
Bd6 9. Be5 Bxe5 10. Nxe5 Nxe5 11. dxe5 Nd7 12. f4 Qb6 13. Qe2 Nc5 14. O-O Bd7
15. Rac1 g6 16. Rf2 Bc6 17. Bb1 Rd8 18. Rd1 O-O 19. Rd4 Nd7 20. Qg4 f5 21. Qg5
Nc5 22. Rfd2 a5 23. h4 Rd7 24. Kh2 Rg7 25. Bd3 h5 26. Be2 Be8 27. Bf3 Bc6 28.
Bd1 Kh7 29. a3 Nb3 30. Bxb3 Qxb3 31. R4d3 Bb5 32. Nxb5 Qxb5 33. Rc3 Qb6 34. Rdc2
a4 35. Rc5 Qd8 36. Qxd8 Rxd8 37. Rd2 Rgd7 38. Rd4 Ra8 39. Rcc4 b5 40. Rc6 Re7
41. Rb6 Kg7 42. Rxb5 Rc7 43. Rbb4 Rca7 44. Kg3 Kf7 45. Kf3 Ke7 46. Rb6 Rc8 47.
Rdb4 Rcc7 48. Rb8 Kf7 49. R4b6 Re7 50. Rh8 Kg7 51. Rc8 Kf7 52. Ke2 Rab7 53. Rcc6
Kg7 54. Rxe6 Rxe6 55. Rxb7+ Kf8 56. Rb5 Ke7 57. Rxd5 Rb6 58. Rd2 Rb3 59. Kf3 Kf7
60. Rd7+ Ke6 61. Rg7 Rxb2 62. Rxg6+ Kd5 63. Ra6 1-0

[Event "63rd ch-RUS HL w"]
[Site "Yekaterinburg RUS"]
[Date "2013.06.21"]
[Round "2.10"]
[White "Balaian, Alina"]
[Black "Nasybullina, Alfia"]
[Result "1-0"]
[WhiteTitle "WIM"]
[WhiteElo "2237"]
[BlackElo "2095"]
[WhiteFideId "24115347"]
[BlackFideId "4132416"]
[EventDate "2013.06.20"]

1. e4 c5 2. Nf3 e6 3. d4 cxd4 4. Nxd4 a6 5. Nc3 b5 6. Bd3 Qb6 7. Nf3 Qc7 8. O-O
Bb7 9. Re1 Bc5 10. e5 Ne7 11. Ng5 Nbc6 12. Bf4 d5 13. exd6 Bxd6 14. Bxd6 Qxd6
15. Nxf7 Qf4 16. Nxh8 O-O-O 17. Qf3 Qxf3 18. gxf3 Rxh8 19. Rxe6 Rf8 20. Ne4 Nd5
21. c4 Nf4 22. cxb5 axb5 23. Rxc6+ Bxc6 24. Bxb5 Bxb5 25. Nd6+ Kb8 26. Nxb5 Nd3
27. b3 Rxf3 28. Rd1 Nxf2 29. Rd8+ Kb7 30. Rg8 Kb6 31. Kg2 Rf6 32. Nc3 Kc6 33.
Rxg7 Nd3 34. Rxh7 Rf2+ 35. Kg3 Rc2 36. Rh6+ Kd7 37. Ne4 Rxa2 38. Rd6+ 1-0